000 00904nam a2200253 a 4500
001 000008341
003 DO-SdBNP
005 20240412074207.0
008 090916s1996 dr 001 p spa d
040 _aDO-SdBNP
_bspa
_cBNPHU
082 4 _aRD861.44
_bF363v
_222
100 1 _aFernández Spencer, Antonio,
_d1922-1995
_922525
245 1 0 _aVendaval interior :
_bobras poéticas, 1937-1993 /
_cAntonio Fernánez Spencer ; prólogo José Mármol.
260 _aSanto Domingo :
_bUniversidad Interamericana,
_c1996.
300 _aXIV,541 p. ;
_c23 cm.
490 1 _aAutores Dominicanos Contemporáneos
_v2
590 _aInventariado, 2018/VM
650 0 _aPoesía dominicana
_966
650 0 _aLiteratura dominicana.
_967
700 1 _aMármol, José,
_d1960-
_epról.
_96454
830 0 _aAutores Dominicanos Contemporáneos
_v2
_922526
910 _aValidado. Control de calidad EMS.
942 _2ddc
_cLBS1
999 _c8112
_d8112